| 000 | 01210nam a2200313 i 4500 | ||
|---|---|---|---|
| 001 | 10434 | ||
| 003 | ES-MaACL | ||
| 005 | 20250808062708.0 | ||
| 007 | t| | ||
| 008 | 950615s1993 sp |||| | spa d | ||
| 020 | _a84-7914-085-2 | ||
| 080 | _a276(Bernardo,S.1.02) | ||
| 100 | 0 |
_aBernardo, _cSanto, _d1090?-1153 _928290 |
|
| 245 | 1 | 0 |
_aObras completas de San Bernardo. _nVIII / _cedición preparada por los Monjes Cistercienses de España ; introducciones y traducción por Juan María de la Torre ; índice de materias por Iñaki Aranguren y Mariano Ballano. |
| 250 | _aEd. bilingüe. | ||
| 260 |
_aMadrid : _bBiblioteca de Autores Cristianos, _c1993. |
||
| 300 |
_aXIV, 693 p. ; _c20 cm. |
||
| 490 | 1 |
_aBiblioteca de autores cristianos ; _v527 |
|
| 500 | _aTexto latino y traducción en español. | ||
| 505 | 8 | _aContiene: Sentencias y Parábolas ; Índice de materias | |
| 650 | 0 | 7 |
_aReligión _2embne _916797 |
| 700 | 1 |
_aTorre, Juan María de la. _9110745 |
|
| 700 | 1 |
_aAranguren, Iñaki. _922313 |
|
| 700 | 1 |
_aBallano, Mariano. _924966 |
|
| 710 | 2 |
_aCistercienses. _9151139 |
|
| 830 | 0 | 0 |
_aBiblioteca de autores cristianos _v527 _9178679 |
| 852 |
_aES-MaACL _jJ-514 |
||
| 999 |
_c10434 _d10434 |
||